[Event "Regionalliga Sued 1718 (Women)"]
[Site "Germany"]
[Date "2017.11.19"]
[Round "2.4"]
[White "Kundmann, Eva"]
[Black "Lenk, Sandra"]
[Result "0-1"]
[WhiteElo "1021"]
[BlackElo "1867"]
[PlyCount "120"]
[EventDate "2017.10.15"]
[EventType "team-tourn"]
[EventRounds "5"]
[EventCountry "GER"]
[SourceTitle "CBM 183 Extra"]
[Source "ChessBase"]
[SourceDate "2018.04.19"]
[SourceVersion "1"]
[SourceVersionDate "2018.04.19"]
[SourceQuality "1"]
[WhiteTeam "Forstenried (W) II"]
[BlackTeam "Muenchen Bayern (W) II"]
[WhiteTeamCountry "GER"]
[BlackTeamCountry "GER"]

1. e4 c5 2. Bc4 d6 3. Nf3 Nc6 4. 0-0 g6 5. Ng5 e6 6. d3 Nf6 7. Nc3 Bg7 8. Bf4 a6 9. h3 0-0 10. Nf3 d5 11. exd5 exd5 12. Bb3 b5 13. Bg5 c4 14. dxc4 dxc4 15. Bxc4 bxc4 16. Qe2 Qb6 17. Qxc4 Na5 18. Qe2 Qxb2 19. Na4 Qb5 20. Qxb5 axb5 21. Nb6 Rb8 22. Nxc8 Rfxc8 23. Rfc1 Ne4 24. Bf4 Bxa1 25. Bxb8 Bb2 26. Re1 Rxb8 27. Rxe4 Nc6 28. c4 bxc4 29. Rxc4 Ne5 30. Nxe5 Bxe5 31. f4 Bg7 32. a4 Ra8 33. Kh2 Bf6 34. g4 h6 35. Kg3 Ra5 36. f5 gxf5 37. h4 Be5+ 38. Kh3 fxg4+ 39. Kxg4 Kg7 40. Re4 f6 41. h5 Kf7 42. Kf5 Bd6+ 43. Kg4 f5+ 44. Kf3 fxe4+ 45. Kxe4 Rxa4+ 46. Kd5 Ra5+ 47. Kxd6 Rxh5 48. Kc6 Rh2 49. Kd5 Re2 50. Kc4 h5 51. Kd3 Re8 52. Kd4 h4 53. Kd5 h3 54. Kd4 h2 55. Kd5 h1Q+ 56. Kd4 Qd1+ 57. Kc5 Rc8+ 58. Kb6 Qb3+ 59. Ka7 Rc2 60. Ka6 Ra2# 0-1

[Event "BL2 Sued 1112 (Women)"]
[Site "Germany"]
[Date "2011.10.30"]
[Round "2.6"]
[White "Neumann, Tanja"]
[Black "Lenk, Sandra"]
[Result "1-0"]
[WhiteElo "1487"]
[BlackElo "1884"]
[PlyCount "129"]
[EventDate "2011.10.29"]
[EventType "team-tourn"]
[EventRounds "7"]
[EventCountry "GER"]
[SourceTitle "EXT 2013"]
[Source "ChessBase"]
[SourceDate "2012.11.22"]
[SourceVersion "1"]
[SourceVersionDate "2012.11.22"]
[SourceQuality "1"]
[WhiteTeam "Differten (W)"]
[BlackTeam "Bayern Muenchen (W)"]
[WhiteTeamCountry "GER"]
[BlackTeamCountry "GER"]

1. e4 c5 2. Nf3 Nc6 3. Nc3 g6 4. d3 Bg7 5. Be2 d6 6. 0-0 Nf6 7. Bg5 0-0 8. Qd2 a6 9. Bh6 Ng4 10. Bxg7 Kxg7 11. Nd5 e5 12. a3 Nf6 13. Ne3 b5 14. c3 Bb7 15. b4 Re8 16. Ng5 Qe7 17. h4 h6 18. Nf3 Rh8 19. Nh2 Nd8 20. h5 Bc8 21. hxg6 fxg6 22. f4 exf4 23. Rxf4 Ne6 24. Rf2 Bd7 25. Raf1 Raf8 26. Rf3 Ng5 27. Rg3 c4 28. Nd5 Nxd5 29. exd5 Rxf1+ 30. Nxf1 Re8 31. Re3 Qf7 32. Rxe8 Qxe8 33. dxc4 Ne4 34. Qd4+ Kh7 35. cxb5 axb5 36. Qb6 Nxc3 37. Bf3 Qe7 38. Qc7 h5 39. Qxc3 Bf5 40. Ng3 Bb1 41. Be2 h4 42. Bxb5 hxg3 43. Qxg3 Qc7 44. Bc6 Qb6+ 45. Kh2 Qd4 46. b5 Kg8 47. Qg5 Qh8+ 48. Kg3 Qc3+ 49. Kf2 Qd4+ 50. Qe3 Qh4+ 51. Kg1 Be4 52. b6 Qg4 53. Qd2 Bxg2 54. Qxg2 Qd1+ 55. Kf2 Qd2+ 56. Kf3 Qd3+ 57. Kf4 Qf5+ 58. Ke3 Qe5+ 59. Kd3 Qf5+ 60. Kc4 Qf4+ 61. Kb5 Qf5 62. Qe2 Qb1+ 63. Ka6 Qa1 64. Qd3 Qf6 65. b7 1-0

[Event "BL2 Sued 0910 (Women)"]
[Site "Germany"]
[Date "2009.12.05"]
[Round "3.5"]
[White "Storkebaum, Ulrike"]
[Black "Lenk, Sandra"]
[Result "1-0"]
[WhiteElo "1898"]
[BlackElo "1900"]
[PlyCount "69"]
[EventDate "2009.11.07"]
[EventType "team-tourn"]
[EventRounds "7"]
[EventCountry "GER"]
[SourceTitle "CBM 133 Extra"]
[Source "ChessBase"]
[SourceDate "2010.01.05"]
[SourceVersion "1"]
[SourceVersionDate "2010.01.05"]
[SourceQuality "1"]
[WhiteTeam "Hofheim (W)"]
[BlackTeam "Bayern Muenchen (W)"]
[WhiteTeamCountry "GER"]
[BlackTeamCountry "GER"]

1. e4 c5 2. Nf3 Nc6 3. d4 cxd4 4. Nxd4 g6 5. Be3 Bg7 6. Nc3 Nf6 7. Bc4 0-0 8. f3 e6 9. Bb3 d5 10. Nxc6 bxc6 11. e5 Nd7 12. f4 Ba6 13. Qd2 c5 14. Nxd5 c4 15. Nb4 cxb3 16. Nxa6 bxc2 17. 0-0 Qc8 18. Qa5 Qb7 19. b3 Rfc8 20. Rac1 Bf8 21. Rf2 Rc6 22. Rfxc2 Rxa6 23. Qd2 Qd5 24. Qe2 Nb6 25. Qxa6 Qe4 26. Bxb6 axb6 27. Qxb6 Qxf4 28. Rf1 Qb4 29. Qxb4 Bxb4 30. a4 Ra5 31. Rc8+ Kg7 32. Rc7 Rxe5 33. Rcxf7+ Kh6 34. g4 Re4 35. Kg2 1-0

[Event "BL2 Sued 0910 (Women)"]
[Site "Germany"]
[Date "2009.11.07"]
[Round "1.5"]
[White "Leinenbach, Janine"]
[Black "Lenk, Sandra"]
[Result "1-0"]
[WhiteElo "1681"]
[BlackElo "1900"]
[PlyCount "75"]
[EventDate "2009.11.07"]
[EventType "team-tourn"]
[EventRounds "7"]
[EventCountry "GER"]
[SourceTitle "CBM 133 Extra"]
[Source "ChessBase"]
[SourceDate "2010.01.05"]
[SourceVersion "1"]
[SourceVersionDate "2010.01.05"]
[SourceQuality "1"]
[WhiteTeam "Differten (W)"]
[BlackTeam "Bayern Muenchen (W)"]
[WhiteTeamCountry "GER"]
[BlackTeamCountry "GER"]

1. c4 e6 2. d4 d5 3. e3 c6 4. Nc3 Nf6 5. Nf3 Nbd7 6. Be2 Bd6 7. Qc2 0-0 8. 0-0 dxc4 9. Bxc4 e5 10. Rd1 Qe7 11. e4 exd4 12. Rxd4 Ne5 13. Nxe5 Qxe5 14. Rxd6 Qxd6 15. h3 Be6 16. Be2 Rfe8 17. Be3 Qb4 18. f3 a6 19. Na4 Qe7 20. Nc5 Qc7 21. Bf2 Nd7 22. Nxe6 Rxe6 23. Bc4 Rg6 24. Qb3 Ne5 25. Bf1 c5 26. Rc1 b6 27. f4 Nd7 28. e5 b5 29. Qd5 Nb6 30. Qe4 Rc6 31. g4 Re8 32. Bg2 Nd7 33. Qxc6 Qd8 34. Qxa6 b4 35. Qb5 Qe7 36. Bxc5 Nxc5 37. Qxc5 Qd7 38. Bc6 1-0

[Event "BL2 Sued 0708 (Women)"]
[Site "Germany"]
[Date "2008.03.15"]
[Round "6.5"]
[White "Lenk, Sandra"]
[Black "Fey, Franziska"]
[Result "0-1"]
[WhiteElo "1925"]
[BlackElo "2009"]
[PlyCount "128"]
[EventDate "2007.11.10"]
[EventType "team-tourn"]
[EventRounds "7"]
[EventCountry "GER"]
[SourceTitle "EXT 2009"]
[Source "ChessBase"]
[SourceDate "2008.11.26"]
[SourceVersion "1"]
[SourceVersionDate "2008.11.26"]
[SourceQuality "1"]
[WhiteTeam "Bayern Muenchen (W)"]
[BlackTeam "Wolfbusch (W)"]
[WhiteTeamCountry "GER"]
[BlackTeamCountry "GER"]

1. d4 d5 2. Bf4 Nf6 3. e3 Bf5 4. Nf3 e6 5. c4 c6 6. Nc3 Bd6 7. Bg3 0-0 8. Qb3 Bxg3 9. hxg3 Qc7 10. Rc1 Nbd7 11. Be2 Rfe8 12. 0-0 Qb6 13. Na4 Qxb3 14. axb3 Ne4 15. c5 Bg4 16. Rfe1 Ndf6 17. b4 a6 18. Bd3 Bf5 19. Bxe4 dxe4 20. Ne5 Nd5 21. g4 Bg6 22. Rc4 Rad8 23. Nc3 Nxc3 24. Rxc3 Rd5 25. f3 f6 26. Nc4 e5 27. Nd6 exd4 28. exd4 Re7 29. Nf5 Bxf5 30. gxf5 Rxd4 31. Rb3 Kf7 32. fxe4 Rdxe4 33. Rf1 Re2 34. Rd1 Re1+ 35. Rxe1 Rxe1+ 36. Kf2 Re4 37. Kf3 Rc4 38. g3 g6 39. fxg6+ hxg6 40. Ke3 f5 41. Kf3 g5 42. Ke3 Kf6 43. Kd3 Rg4 44. Ke2 f4 45. gxf4 Rxf4 46. Ke3 Kf5 47. Ke2 g4 48. b5 axb5 49. Rd3 Rc4 50. Rd7 Rxc5 51. Rxb7 Rc2+ 52. Ke3 Rxb2 53. Rf7+ Kg5 54. Rg7+ Kh4 55. Kf4 Rb4+ 56. Ke3 Kg3 57. Rg5 Rb3+ 58. Ke2 b4 59. Rc5 Rc3 60. Ra5 c5 61. Ra8 c4 62. Kd2 Kh2 63. Rh8+ Kg1 64. Re8 g3 0-1

[Event "BL2 Sued 0708 (Women)"]
[Site "Germany"]
[Date "2007.11.10"]
[Round "1.5"]
[White "Sippenauer, Katrin"]
[Black "Lenk, Sandra"]
[Result "1/2-1/2"]
[WhiteElo "1476"]
[BlackElo "1925"]
[PlyCount "90"]
[EventDate "2007.11.10"]
[EventType "team-tourn"]
[EventRounds "7"]
[EventCountry "GER"]
[SourceTitle "EXT 2009"]
[Source "ChessBase"]
[SourceDate "2008.11.26"]
[SourceVersion "1"]
[SourceVersionDate "2008.11.26"]
[SourceQuality "1"]
[WhiteTeam "Tegernheim (W)"]
[BlackTeam "Bayern Muenchen (W)"]
[WhiteTeamCountry "GER"]
[BlackTeamCountry "GER"]

1. Nf3 d5 2. c4 c6 3. g3 Nf6 4. b3 Bf5 5. Bb2 e6 6. a3 h6 7. d3 Nbd7 8. Nbd2 Bh7 9. Bg2 Bd6 10. b4 a6 11. c5 Bc7 12. Rc1 0-0 13. 0-0 e5 14. Nb3 Re8 15. Nfd2 Qe7 16. e4 dxe4 17. dxe4 Rad8 18. Qe2 Bg6 19. Nc4 Qe6 20. Nba5 Rb8 21. Rfd1 Red8 22. Nd6 Bxa5 23. bxa5 Nf8 24. Rd2 Rd7 25. Qf1 Qe7 26. Rcd1 Bh5 27. f3 Bg6 28. Bh3 Rc7 29. Qc4 Bh5 30. Nf5 Qe8 31. g4 Bg6 32. Nd6 Qe7 33. Qc3 N8d7 34. Qe3 Nh7 35. Qf2 Ng5 36. Qg3 f6 37. Bf1 Nxc5 38. Bc4+ Kh8 39. Qg2 Nge6 40. Qf2 Rf8 41. Qe3 Nd7 42. Qb3 Ndc5 43. Qe3 Nd7 44. Qb3 Ndc5 45. Qe3 Nd7 1/2-1/2

[Event "Bayern-ch (Women) 78th"]
[Site "Vaterstetten"]
[Date "2007.08.18"]
[Round "1"]
[White "Zwetz, Anita"]
[Black "Lenk, Sandra"]
[Result "0-1"]
[WhiteElo "1646"]
[BlackElo "1743"]
[PlyCount "102"]
[EventDate "2007.08.18"]
[EventType "swiss"]
[EventRounds "9"]
[EventCountry "GER"]
[SourceTitle "EXT 2015"]
[Source "ChessBase"]
[SourceDate "2014.11.20"]
[SourceVersion "1"]
[SourceVersionDate "2014.11.20"]
[SourceQuality "1"]

1. d4 d5 2. Bg5 Nf6 3. e3 e6 4. Nf3 Nbd7 5. Nbd2 Be7 6. c3 c5 7. Qc2 0-0 8. g3 Re8 9. h4 Qc7 10. Bh3 cxd4 11. exd4 Bd6 12. 0-0-0 b5 13. Bxf6 Nxf6 14. a3 a5 15. b4 axb4 16. axb4 Bb7 17. Kb2 Rec8 18. Qd3 Ne4 19. Ng5 Qxc3+ 20. Qxc3 Nxc3 21. Ra1 Na4+ 22. Kb1 Bxb4 23. Nb3 Rc3 24. Nc1 h6 25. Nxe6 fxe6 26. Bxe6+ Kf8 27. Na2 Rb3+ 28. Kc1 Ba3+ 29. Kd2 Rb2+ 30. Ke3 Re8 31. Nc1 Rxe6+ 32. Kf3 Bd6 33. Nd3 Rb3 34. Rhd1 Rf6+ 35. Kg2 Bc8 36. Rac1 Bf5 37. Ne5 Be4+ 38. Kg1 Bxe5 39. dxe5 Re6 40. f4 Rc3 41. Kf2 Rec6 42. Ra1 Rf3+ 43. Ke1 Rxg3 44. Kf2 Rf3+ 45. Ke1 Rxf4 46. Rac1 Rxc1 47. Rxc1 Rxh4 48. Rc7 Bf5 49. Rb7 Re4+ 50. Kd2 Rxe5 51. Rxb5 Bd7 0-1

[Event "BL2 Gr02 0506 (Women)"]
[Site "Germany"]
[Date "2006.03.04"]
[Round "6.5"]
[White "Lenk, Sandra"]
[Black "Ohme, Kerstin"]
[Result "1-0"]
[WhiteElo "1752"]
[BlackElo "1845"]
[PlyCount "61"]
[EventDate "2005.10.29"]
[EventType "team-tourn"]
[EventRounds "7"]
[EventCountry "GER"]
[SourceTitle "EXT 2007"]
[Source "ChessBase"]
[SourceDate "2006.11.23"]
[SourceVersion "1"]
[SourceVersionDate "2006.11.23"]
[SourceQuality "1"]
[WhiteTeam "Bayern Muenchen"]
[BlackTeam "Leipzig Lok Mitte"]
[WhiteTeamCountry "GER"]
[BlackTeamCountry "GER"]

1. e4 e5 2. Nf3 Nc6 3. Bb5 a6 4. Ba4 Nf6 5. 0-0 Be7 6. Re1 d6 7. h3 b5 8. Bb3 0-0 9. c3 Na5 10. Bc2 c5 11. d4 cxd4 12. cxd4 h6 13. Qe2 exd4 14. Nxd4 Qc7 15. Nc3 Nc4 16. Nd5 Nxd5 17. exd5 Bd8 18. Nf5 Bxf5 19. Bxf5 Ne5 20. Bf4 Bf6 21. Rac1 Qd8 22. Rc2 Ng6 23. Bxg6 fxg6 24. Qe6+ Kh7 25. Qxd6 Qxd6 26. Bxd6 Rfd8 27. Re6 Rac8 28. Rxc8 Rxc8 29. Be5 Rc1+ 30. Kh2 Re1 31. Bxf6 1-0

[Event "Bayern-ch (Women) 76th"]
[Site "Wuerzburg"]
[Date "2005.09.03"]
[Round "9"]
[White "Lenk, Sandra"]
[Black "Niedermaier, Barbara"]
[Result "1/2-1/2"]
[WhiteElo "1748"]
[BlackElo "1919"]
[PlyCount "22"]
[EventDate "2005.08.27"]
[EventType "swiss"]
[EventRounds "9"]
[EventCountry "GER"]
[SourceTitle "EXT 2015"]
[Source "ChessBase"]
[SourceDate "2014.11.20"]
[SourceVersion "1"]
[SourceVersionDate "2014.11.20"]
[SourceQuality "1"]

1. c4 c5 2. g3 g6 3. Bg2 Bg7 4. Nc3 Nc6 5. Nf3 Nf6 6. d3 d6 7. 0-0 0-0 8. Rb1 Rb8 9. Bd2 Bd7 10. a3 a6 11. b4 cxb4 1/2-1/2

[Event "Bayern-ch (Women) 76th"]
[Site "Wuerzburg"]
[Date "2005.08.27"]
[Round "1"]
[White "Lenk, Sandra"]
[Black "Weiss, Monika"]
[Result "1/2-1/2"]
[WhiteElo "1748"]
[BlackElo "1506"]
[PlyCount "82"]
[EventDate "2005.08.27"]
[EventType "swiss"]
[EventRounds "9"]
[EventCountry "GER"]
[SourceTitle "EXT 2015"]
[Source "ChessBase"]
[SourceDate "2014.11.20"]
[SourceVersion "1"]
[SourceVersionDate "2014.11.20"]
[SourceQuality "1"]

1. d4 d5 2. Nf3 e6 3. c4 c5 4. cxd5 cxd4 5. Nxd4 Qxd5 6. Nc3 Qa5 7. e3 Nf6 8. Bd2 Bb4 9. a3 Bxc3 10. Bxc3 Qd8 11. Bb5+ Bd7 12. Qf3 Qb6 13. Bxd7+ Nbxd7 14. 0-0 0-0 15. Ne2 Rfc8 16. Rab1 Qc6 17. Qh3 Rc7 18. Rfd1 Rac8 19. Nf4 Qe4 20. Rbc1 e5 21. Ne2 Qg4 22. Qxg4 Nxg4 23. h3 Nh6 24. Rd5 f6 25. Rcd1 Nb6 26. Rd8+ Rxd8 27. Rxd8+ Kf7 28. Ba5 Rd7 29. Rxd7+ Nxd7 30. Bb4 Nf5 31. Nc1 Ne7 32. Nd3 Nd5 33. Bd2 Ke6 34. e4 N5b6 35. b3 Nc8 36. f3 Nd6 37. a4 b5 38. a5 a6 39. Kf2 Nb7 40. Bb4 h5 41. g3 Nb8 1/2-1/2

[Event "Stuttgart-chA int"]
[Site "Ditzingen"]
[Date "2005.05.05"]
[Round "1"]
[White "Wenner, Tobias"]
[Black "Lenk, Sandra"]
[Result "0-1"]
[WhiteElo "2186"]
[BlackElo "1938"]
[PlyCount "74"]
[EventDate "2005.05.05"]
[EventType "swiss"]
[EventRounds "7"]
[EventCountry "GER"]
[SourceTitle "EXT 2018"]
[Source "ChessBase"]
[SourceDate "2017.10.13"]
[SourceVersion "1"]
[SourceVersionDate "2017.10.13"]
[SourceQuality "1"]

1. Nf3 d5 2. c4 e6 3. g3 Nf6 4. b3 Be7 5. Bb2 0-0 6. Bg2 Nbd7 7. 0-0 b6 8. e3 Bb7 9. Qe2 c5 10. Rd1 Qc7 11. Nc3 a6 12. cxd5 exd5 13. d4 Rfd8 14. Ne5 cxd4 15. Nxd7 dxc3 16. Nxf6+ Bxf6 17. Rac1 Rac8 18. Bh3 Qe7 19. Ba1 Rc7 20. Qd3 d4 21. Bg2 Bxg2 22. Kxg2 b5 23. a3 Qxa3 24. exd4 Rxd4 25. Qxd4 Bxd4 26. Rxd4 h6 27. Rxc3 Rxc3 28. Bxc3 Qxb3 29. Rd8+ Kh7 30. Bd4 a5 31. h4 a4 32. Kh2 a3 33. Ra8 b4 34. Ra7 Qd5 35. Be3 a2 36. Bc1 b3 37. Bb2 Qd2 0-1

[Event "Bayern-ch (Women) 75th"]
[Site "Ingolstadt"]
[Date "2004.09.06"]
[Round "3"]
[White "Lenk, Sandra"]
[Black "Metzner, Anita"]
[Result "1-0"]
[WhiteElo "1657"]
[BlackElo "1500"]
[PlyCount "59"]
[EventDate "2004.09.04"]
[EventType "swiss"]
[EventRounds "9"]
[EventCountry "GER"]
[SourceTitle "EXT 2015"]
[Source "ChessBase"]
[SourceDate "2014.11.20"]
[SourceVersion "1"]
[SourceVersionDate "2014.11.20"]
[SourceQuality "1"]

1. d4 d5 2. Nf3 Nf6 3. c4 dxc4 4. Nc3 Nc6 5. e4 e6 6. a3 Be7 7. Bxc4 0-0 8. 0-0 Re8 9. Bf4 a6 10. Re1 b5 11. Ba2 Bb7 12. Rc1 Rc8 13. Bb1 Na5 14. Qc2 Nh5 15. Be3 Nc4 16. Qe2 Nxe3 17. Qxe3 c5 18. Rcd1 cxd4 19. Rxd4 Qc7 20. e5 g6 21. Rg4 Bxf3 22. Qxf3 Ng7 23. h4 h5 24. Rf4 Rf8 25. Ne4 Nf5 26. Ng5 Bxg5 27. hxg5 Qd8 28. Bxf5 exf5 29. Rd1 Rc1 30. Rxc1 1-0

[Event "Bayern-ch (Women) 75th"]
[Site "Ingolstadt"]
[Date "2004.09.04"]
[Round "1"]
[White "Jussupow, Nadejda"]
[Black "Lenk, Sandra"]
[Result "1-0"]
[WhiteElo "2050"]
[BlackElo "1657"]
[PlyCount "43"]
[EventDate "2004.09.04"]
[EventType "swiss"]
[EventRounds "9"]
[EventCountry "GER"]
[SourceTitle "EXT 2015"]
[Source "ChessBase"]
[SourceDate "2014.11.20"]
[SourceVersion "1"]
[SourceVersionDate "2014.11.20"]
[SourceQuality "1"]

1. e4 c5 2. d4 cxd4 3. c3 dxc3 4. Nxc3 d6 5. Nf3 Nc6 6. Bc4 e6 7. 0-0 a6 8. a4 Nf6 9. Qe2 Qc7 10. Bf4 Be7 11. e5 dxe5 12. Nxe5 Nxe5 13. Bxe5 Qc6 14. Bb5 axb5 15. axb5 Qb6 16. Rxa8 0-0 17. Na4 Qd8 18. Rc1 Qd5 19. Raxc8 Ne4 20. Rxf8+ Bxf8 21. Nc3 Qxe5 22. Qxe4 1-0